000 00519nam a2200169Ia 4500
008 230917s9999||||xx |||||||||||||| ||und||
020 _cRS595
040 _e234156
_aMAIN
041 _aEnglish
082 _a954.5 G875R
100 _aGriffin, Lepel
245 0 _aRanjit Singh and the barrier between our growing empire and central Asia
260 _aNew Delhi
_bAsian Education Services
_c2004
300 _a223 p.
500 _a2359 18/08/2016 KB16/165 22/08/2016 Rashtriya Uchchatar Shiksha Abhiyan
942 _cBK
999 _c18986
_d18986